|
|
|
|
| LEADER |
00888cam a2200313 i 4500 |
| 001 |
000046190 |
| 003 |
5643 |
| 005 |
20030217104332.0 |
| 008 |
010220|1996 vm 000 eng |
| 020 |
|
|
|a 0131786091
|
| 040 |
|
|
|a IRC
|c IRC
|d IRC
|
| 041 |
0 |
|
|a eng
|
| 082 |
1 |
4 |
|a 621.395
|b RA-J
|
| 100 |
1 |
|
|a Rabaey, Jan M.
|
| 245 |
0 |
0 |
|a Digital integrated circuits :
|b a design perspective /
|c Jan M. Rabaey.
|
| 260 |
|
|
|a Upper Saddle River, N.J. :
|b Prentice Hall,
|c 1996.
|
| 300 |
|
|
|a xviii, 702p., [8]p. of plates :
|b ill. (some col.)
|
| 630 |
0 |
4 |
|a Digital integrated circuits.
|
| 650 |
0 |
4 |
|a Digital integrated circuits
|x Design and construction.
|
| OWN |
|
|
|a DUT
|
| 999 |
|
|
|a From the UDN01
|
| TYP |
|
|
|a Monograph
|
| TYP |
|
|
|a Printed language
|
| 980 |
|
|
|a Mạng thư viện Đại học Đà Nẵng
|